Fundamentos de anl̀isis de estados financieros Libro del profesor

Detalles Bibliográficos
Autor principal: Rojas Cataǫ, Mara̕ de Lourdes
Formato: eBook
Lenguaje:español
Publicado: Mx̌ico D.F. : Instituto Mexicano de Contadores Pb︢licos, 2012
Materias:
Acceso en línea:http://www.vlex.com/source/7127

MARC

LEADER 00000nam a22000007a 4500
005 20130225174555.0
007 cr|||| ||||
008 130225e2012 mx |||||s|||| 00||0 spa d
020 |a 978-607-762-134-8 
035 |a 7127 
040 |a vLex 
090 |c 3756  |d 3756 
100 1 0 |a Rojas Cataǫ, Mara̕ de Lourdes  
245 1 0 |a Fundamentos de anl̀isis de estados financieros  |b Libro del profesor  |h [Recurso electrn̤ico] 
256 |a Servicio en ln̕ea 
260 |a Mx̌ico D.F. :  |b Instituto Mexicano de Contadores Pb︢licos,   |c 2012  
300 |a 1 Recurso electrn̤ico 
650 0 4 |a Contabilidad  |z Mx̌ico 
650 0 4 |a Empresa  |z Mx̌ico 
650 0 4 |a Administracin̤ (Management)  |z Mx̌ico 
740 |a vLex Libros (Servicio en ln̕ea) 
856 |a Acceso restringido  |u http://www.vlex.com/source/7127 
942 |c BOOK 
999 0 |a Finance